000 00266nam a22001217a 4500
008 181106b xxu||||| |||| 00| 0 eng d
041 _aeng
080 _25 TH
_a510
100 _a36
101 _aMAT
245 _aIntroductory Algebra
_cAala,S.T
942 _2udc
_cBK
999 _c51967
_d51967